00535nam a2200181Ia 4500008004100000020001500041082001600056100002100072245004800093250000800141260002700149300001300176500002400189650001300213942000700226952010300233999001700336230524s9999 xx 000 0 und d a8173170452 a681.76bDEV aKapil dev917503 0aWorkshop Calculation and science Mechanical a1ST aNEW DELHIbAsianc2005 aVIII;568 aQuantity Number: 1 aWorkshop cBK 00104070aTATCLbTATCLcGENd2023-05-24l0o681.76 DEVp1111r2023-05-24w2023-05-24yBKzBE2104 c26507d26507